FASTING AND FEASTING THEN & NOW (Record no. 12084)

MARC details
000 -LEADER
fixed length control field 00268nam a22001217a 4500
003 - CONTROL NUMBER IDENTIFIER
control field SGT
082 ## - DEWEY DECIMAL CLASSIFICATION NUMBER
Classification number 641.3
Item number F08S
100 ## - MAIN ENTRY--PERSONAL NAME
Personal name SETHI, MOHINI
245 ## - TITLE STATEMENT
Title FASTING AND FEASTING THEN & NOW
260 ## - PUBLICATION, DISTRIBUTION, ETC. (IMPRINT)
Place of publication, distribution, etc DELHI
Name of publisher, distributor, etc NEW AGE PUB.
Year of Publication 2008
300 ## - PAGE DESCRIPTION
No. of Pages 415
942 ## - ADDED ENTRY ELEMENTS (KOHA)
Source of classification or shelving scheme Dewey Decimal Classification
Koha item type Books
942 ## - ADDED ENTRY ELEMENTS (KOHA)
-- 8
Holdings
Withdrawn status Lost status Source of classification or shelving scheme Damaged status Not for loan Collection code Home library Current library Shelving location Date acquired Vendor Name Cost, normal purchase price SGTU Bill Number Total Checkouts Full call number Accession No. (Barcode) Date last seen Date last borrowed Bill Date Koha item type
    Dewey Decimal Classification     MEDICAL SGT Medical Library SGT Medical Library Text Book 29/06/2017 ABC 295.00 SGTU 8041 5 641.3 F08S FM8636 02/12/2025 02/12/2025 11/04/2017 Books
    Dewey Decimal Classification     MEDICAL SGT Medical Library SGT Medical Library Text Book 29/06/2017 ABC 295.00 SGTU 8041 3 641.3 F08S FM8637 29/08/2024 29/08/2024 11/04/2017 Books
    Dewey Decimal Classification     MEDICAL SGT Medical Library SGT Medical Library Text Book 29/06/2017 ABC 295.00 SGTU 8041 1 641.3 F08S FM8638 25/10/2017 16/10/2017 11/04/2017 Books
    Dewey Decimal Classification     MEDICAL SGT Medical Library SGT Medical Library Text Book 29/06/2017 ABC 295.00 SGTU 8041 3 641.3 F08S FM8639 02/11/2023 20/10/2023 11/04/2017 Books
    Dewey Decimal Classification     MEDICAL SGT Medical Library SGT Medical Library Text Book 29/06/2017 ABC 295.00 SGTU 8041 3 641.3 F08S FM8640 07/04/2025 22/03/2025 11/04/2017 Books